000 00593nam a2200229Ia 4500
003 OSt
005 20221006163909.0
006 a|||||r|||| 00| 0
007 ta
008 221006b |||||||| |||| 00| 0 eng d
024 _a1,543
037 _cTextual
040 _aFML
_cFML
_beng
041 _2eng
_aeng
082 _aY74437:351, N3
100 _aMathur G L Au.
_9676144
245 0 _aFolklore of Rajasthan
260 _aJodhpur
_bBook Treasure
_c1993
300 _a95
_ccm.
942 _hY74437:351, N3
_cTEXL
_2CC
999 _c1115668
_d1115668